|
|
|
|
| LEADER |
00864nam a2200229 a 4500 |
| 001 |
749926 |
| 008 |
100308s1960 nyua b 001 0 eng d |
| 010 |
|
|
|a \\\60011725
|
| 040 |
|
|
|a DLC/ICU
|c ICU
|d DLC
|d BD-DhAAL
|
| 082 |
0 |
0 |
|a 621.48/31
|2 16
|
| 100 |
1 |
|
|a Liverhant, S. E.
|
| 245 |
0 |
0 |
|a Elementary introduction to nuclear reactor physics /
|c by S. E. Liverhant.
|
| 260 |
|
|
|a New York :
|b Wiley,
|c 1960.
|
| 300 |
|
|
|a xiv, 447 p. :
|b illus. ;
|c 24 cm.
|
| 504 |
|
|
|a Includes bibliographical references and index.
|
| 541 |
1 |
|
|e 00019842
|
| 650 |
|
0 |
|a Nuclear physics.
|
| 650 |
|
0 |
|a Nuclear reactors.
|
| 740 |
0 |
|
|a Nuclear reactor physics.
|
| 852 |
4 |
|
|a Ayesha Abed Library
|j General Shelf
|
| 999 |
|
|
|c 7731
|d 7731
|
| 952 |
|
|
|0 0
|1 0
|2 ddc
|4 0
|6 621_483100000000000_LIV_1960
|7 0
|9 8505
|a BRACUL
|b BRACUL
|c GEN
|d 2010-03-08
|l 1
|m 5
|o 621.4831 LIV
|p 3010019842
|r 2014-12-21
|s 2014-11-10
|t 1
|w 2010-03-08
|y BK
|